| 000 | 01078nam a22002897a 4500 | ||
|---|---|---|---|
| 001 | BRCA_9397 | ||
| 003 | FranzMayer | ||
| 005 | 20230918124936.0 | ||
| 008 | 230901b |||||||| |||| 00| 0 eng d | ||
| 020 | _a9786076054895 | ||
| 040 |
_aMFM _bESPAÑOL _cMFM |
||
| 050 | 0 |
_aNK1173.S9 _bM87 2017 |
|
| 110 | 1 |
_4Responsable _aMuseo de arte moderno _929515 |
|
| 240 |
_a100 años de arte suizo _h100 Years of Swiss Design _lInglés y español |
||
| 245 | 0 |
_a100 años de arte suizo _b100 Years of Swiss Design |
|
| 260 |
_aMéxico _bEmbajada suiza en México _c2017 |
||
| 300 |
_a211 p _bIlustraciones a color _c24 cm |
||
| 500 | _aAnexo 1 | ||
| 500 | _aEl libro incluye una postal al inicio | ||
| 505 | _aTexto en: inglés y españolIncluye índiceIncluye bibliografíaIncluye cronología | ||
| 650 | 1 |
_2Artes visuales _aHistoria del arte _vDiseño _929516 |
|
| 651 | 2 |
_2Diseño europeo _aSuiza _varte suizo _929517 |
|
| 700 | 1 |
_4Edi. _aTorres, Francico _929518 |
|
| 700 | 1 |
_4Edi. _aLeon, Luis Miguel _929519 |
|
| 700 | 1 |
_4Trad. _aIbarra, Daniela _929520 |
|
| 942 |
_2lcc _cB |
||
| 999 |
_c11019 _d11019 |
||